[Event "Wch Amateurs U2300"]
[Site "Rhodes"]
[Date "2024.11.03"]
[Round "8"]
[White "Elier, Ali"]
[Black "Eriksson, Wilmer"]
[Result "1-0"]
[WhiteElo "2162"]
[BlackElo "2002"]
[PlyCount "47"]
[EventDate "2024.10.27"]
[EventType "swiss"]
[EventRounds "9"]
[EventCountry "GRE"]
[SourceTitle "CB45_2024"]
[Source "ChessBase"]
[SourceDate "2024.11.06"]
[SourceVersion "1"]
[SourceVersionDate "2024.11.06"]
[SourceQuality "1"]

1. e4 c6 2. d4 d5 3. f3 dxe4 4. fxe4 e5 5. Nf3 Bg4 6. Bc4 Nd7 7. c3 Bd6 8. Qb3 Qe7 9. Qxb7 Rb8 10. Qxc6 Ngf6 11. dxe5 Bxf3 12. exd6 Bxe4 13. dxe7 Bxc6 14. 0-0 Kxe7 15. b4 Ne5 16. Bb3 Nd5 17. Ba3 Ke6 18. Nd2 Rhd8 19. Rad1 Rbc8 20. Ne4 f6 21. Rd4 Nd7 22. Rfd1 Ke5 23. b5 Nf4 24. Ng3 1-0

[Event "Wch Amateurs U2300"]
[Site "Rhodes"]
[Date "2024.11.02"]
[Round "7"]
[White "Eriksson, Wilmer"]
[Black "Matras, Ondrej"]
[Result "1/2-1/2"]
[WhiteElo "2002"]
[BlackElo "2068"]
[PlyCount "84"]
[EventDate "2024.10.27"]
[EventType "swiss"]
[EventRounds "9"]
[EventCountry "GRE"]
[SourceTitle "CB45_2024"]
[Source "ChessBase"]
[SourceDate "2024.11.06"]
[SourceVersion "1"]
[SourceVersionDate "2024.11.06"]
[SourceQuality "1"]

1. e4 e6 2. d4 d5 3. Nd2 a6 4. Bd3 c5 5. dxc5 Bxc5 6. Ngf3 Nf6 7. 0-0 Nc6 8. Qe2 Nb4 9. e5 Nd7 10. Nb3 Be7 11. a3 Nxd3 12. cxd3 b6 13. Be3 Bb7 14. Rac1 h6 15. Nbd4 Rc8 16. Rxc8 Qxc8 17. Rc1 Qb8 18. Qc2 0-0 19. Qc7 Rd8 20. Nc6 Bxc6 21. Rxc6 Bc5 22. b4 Bxe3 23. fxe3 Kf8 24. Kf2 Ke8 25. d4 Qxc7 26. Rxc7 Ra8 27. Ke2 Kd8 28. Rc3 Rc8 29. Rxc8+ Kxc8 30. a4 b5 31. a5 Nb8 32. Kd3 Kd7 33. Nd2 Ke7 34. Nb3 f6 35. exf6+ Kxf6 36. Nc5 e5 37. e4 dxe4+ 38. Kxe4 exd4 39. Kxd4 Nc6+ 40. Kc3 Nb8 41. Kd4 Nc6+ 42. Kc3 Nb8 1/2-1/2

[Event "Wch Amateurs U2300"]
[Site "Rhodes"]
[Date "2024.11.01"]
[Round "6"]
[White "Putz, Philippe Marco"]
[Black "Eriksson, Wilmer"]
[Result "0-1"]
[WhiteElo "1946"]
[BlackElo "2002"]
[PlyCount "92"]
[EventDate "2024.10.27"]
[EventType "swiss"]
[EventRounds "9"]
[EventCountry "GRE"]
[SourceTitle "CB45_2024"]
[Source "ChessBase"]
[SourceDate "2024.11.06"]
[SourceVersion "1"]
[SourceVersionDate "2024.11.06"]
[SourceQuality "1"]

1. d4 Nf6 2. c4 c5 3. d5 b5 4. cxb5 a6 5. bxa6 g6 6. Nc3 Bg7 7. e4 0-0 8. Nf3 Qa5 9. a7 Nxe4 10. axb8Q Rxb8 11. Qc2 Nxc3 12. Bd2 Qa4 13. b3 Qe4+ 14. Qxe4 Nxe4 15. Rc1 Nxd2 16. Nxd2 d6 17. Bc4 Ra8 18. a4 Ba6 19. Kd1 Rfb8 20. Re1 Kf8 21. Kc2 Bh6 22. Bxa6 Rxa6 23. Rb1 Bxd2 24. Kxd2 Rab6 25. Kc2 Rb4 26. f3 c4 27. Re3 cxb3+ 28. Rbxb3 Rc8+ 29. Kb2 Rxa4 30. Rb7 Re8 31. Re2 Ra5 32. Rd2 Rea8 33. Kb3 Ra3+ 34. Kc4 R8a4+ 35. Rb4 Ra2 36. Rxa4 Rxd2 37. Ra8+ Kg7 38. Re8 Kf6 39. Rh8 h5 40. g4 Rxh2 41. Rh7 Rc2+ 42. Kd3 Rc5 43. Ke4 hxg4 44. fxg4 Rc4+ 45. Kf3 g5 46. Rh6+ Kg7 0-1

[Event "Wch Amateurs U2300"]
[Site "Rhodes"]
[Date "2024.10.29"]
[Round "3"]
[White "Eriksson, Wilmer"]
[Black "Garbuz, Vitaliy"]
[Result "1/2-1/2"]
[WhiteElo "2002"]
[BlackElo "2210"]
[PlyCount "105"]
[EventDate "2024.10.27"]
[EventType "swiss"]
[EventRounds "9"]
[EventCountry "GRE"]
[SourceTitle "CB45_2024"]
[Source "ChessBase"]
[SourceDate "2024.11.06"]
[SourceVersion "1"]
[SourceVersionDate "2024.11.06"]
[SourceQuality "1"]

1. e4 c5 2. c3 d5 3. exd5 Nf6 4. Bb5+ Nbd7 5. c4 a6 6. Bxd7+ Qxd7 7. Nf3 e6 8. dxe6 Qxe6+ 9. Qe2 Qxe2+ 10. Kxe2 Bf5 11. d4 cxd4 12. Nxd4 Be4 13. f3 0-0-0 14. Be3 Bc5 15. Rd1 Bg6 16. Nc3 Rhe8 17. Kf2 Nd7 18. b4 Bxb4 19. Nd5 Bd6 20. Nb3 Be5 21. Bd4 Kb8 22. Rac1 f6 23. f4 Bxd4+ 24. Rxd4 Bh5 25. Ne3 Nb6 26. g4 Bf7 27. Rcd1 Rc8 28. Rc1 Rc7 29. c5 Nd7 30. c6 bxc6 31. Na5 c5 32. Rd6 Re6 33. Rcd1 Rxd6 34. Rxd6 Bxa2 35. Rxa6 Bf7 36. Nec4 Bxc4 37. Nxc4 Rb7 38. Rc6 Rb4 39. Nd6 Rxf4+ 40. Kg3 Rd4 41. Rc8+ Ka7 42. Rc7+ Kb6 43. Rxd7 Kc6 44. Rxg7 Kxd6 45. Rxh7 c4 46. Rf7 Rd3+ 47. Kf4 c3 48. Rxf6+ Kd5 49. Rf8 c2 50. Rc8 Rd2 51. h4 Rd4+ 52. Ke3 Rxg4 53. Rxc2 1/2-1/2

[Event "Wch Amateurs U2300"]
[Site "Rhodes"]
[Date "2024.10.27"]
[Round "1"]
[White "Eriksson, Wilmer"]
[Black "Muratkuliev, Shohrat"]
[Result "1-0"]
[WhiteElo "2002"]
[BlackElo "2185"]
[PlyCount "93"]
[EventDate "2024.10.27"]
[EventType "swiss"]
[EventRounds "9"]
[EventCountry "GRE"]
[SourceTitle "CB45_2024"]
[Source "ChessBase"]
[SourceDate "2024.11.06"]
[SourceVersion "1"]
[SourceVersionDate "2024.11.06"]
[SourceQuality "1"]

1. e4 c5 2. c3 d6 3. d4 Nc6 4. d5 Ne5 5. f4 Nd7 6. Nf3 e5 7. Bd3 Ngf6 8. Qe2 a6 9. a4 Be7 10. 0-0 0-0 11. Nbd2 Re8 12. fxe5 Nxe5 13. Nxe5 dxe5 14. Nc4 Qc7 15. h3 Bd8 16. a5 Rb8 17. Be3 Nd7 18. Qf2 f6 19. Bc2 Be7 20. Ba4 Rd8 21. Bxd7 Bxd7 22. Rfd1 Bb5 23. Nb6 Bd6 24. c4 Bd7 25. b4 cxb4 26. c5 Bf8 27. Rab1 Rbc8 28. d6 Qc6 29. Nxc8 Qxc8 30. Rxb4 Bc6 31. Qa2+ Kh8 32. Qf7 Rd7 33. Qe6 Qd8 34. Ra1 Qc8 35. g4 Qd8 36. h4 Qc8 37. g5 Rd8 38. Qxc8 Rxc8 39. Rab1 Kg8 40. Kf2 Kf7 41. Rxb7+ Bxb7 42. Rxb7+ Ke6 43. d7 Rd8 44. c6 Bd6 45. Bb6 Rf8 46. d8Q Bc5+ 47. Bxc5 1-0

[Event "Vaxjo op"]
[Site "Vaxjo"]
[Date "2024.02.09"]
[Round "4"]
[White "Eriksson, Wilmer"]
[Black "Olsson, William"]
[Result "1/2-1/2"]
[WhiteElo "1976"]
[BlackElo "2373"]
[PlyCount "122"]
[EventDate "2024.02.09"]
[EventType "swiss"]
[EventRounds "8"]
[EventCountry "SWE"]
[SourceTitle "CBM 218 Extra"]
[Source "ChessBase"]
[SourceDate "2024.03.31"]
[SourceVersion "1"]
[SourceVersionDate "2024.03.31"]
[SourceQuality "1"]

1. e4 c5 2. c3 Nf6 3. e5 Nd5 4. Nf3 d6 5. Bb5+ Bd7 6. Bc4 e6 7. d4 cxd4 8. cxd4 Bc6 9. 0-0 Nd7 10. Qe2 Be7 11. exd6 Bxd6 12. Nc3 N7b6 13. Bd3 0-0 14. Ne4 Nf4 15. Bxf4 Bxf4 16. Rfd1 Rc8 17. Ne5 Bd5 18. Qh5 f5 19. Nc3 Rf6 20. g3 Rh6 21. Qe2 Bxe5 22. dxe5 f4 23. Ne4 Nd7 24. Nd6 fxg3 25. fxg3 Qb6+ 26. Qf2 Qxf2+ 27. Kxf2 Rxh2+ 28. Ke3 Rf8 29. Rf1 Nxe5 30. Rxf8+ Kxf8 31. Be4 Rxb2 32. Bxd5 exd5 33. Kd4 Nc6+ 34. Kxd5 Rd2+ 35. Ke6 Nd8+ 36. Ke5 Nf7+ 37. Nxf7 Kxf7 38. Rc1 Rxa2 39. Rc7+ Kg6 40. Rxb7 Ra5+ 41. Kf4 Ra4+ 42. Kf3 h5 43. Rc7 Ra5 44. Rd7 Kf6 45. Rd6+ Kg5 46. Rd7 g6 47. Rc7 Rf5+ 48. Kg2 a5 49. Kh3 Rd5 50. Rc4 Kf5 51. Rf4+ Ke6 52. Re4+ Re5 53. Rd4 g5 54. Rd8 Kf5 55. Rf8+ Ke4 56. Ra8 Kd3 57. Rh8 g4+ 58. Kh4 Kc4 59. Rc8+ Kb4 60. Rc4+ Kb5 61. Rc5+ Rxc5 1/2-1/2